Minecraft - Advancements + Achievements - Statistics

General Stats
  • This quiz has been taken 33 times
    18 since last reset
  • The average score is 67 of 215
Answer Stats
Hint Answer % Correct
Enter the End Portal The End?
100%
Or the beginning? The End
100%
Acquire diamonds Diamonds!
92%
Enchant an item at an Enchanting Table Enchanter
85%
Construct a better Pickaxe Getting an Upgrade
85%
Have every effect applied at the same time How Did We Get Here?
85%
Obtain a block of Obsidian Ice Bucket Challenge
85%
Kill any hostile monster Monster Hunter
85%
Distract Piglins with gold Oh Shiny
85%
Build, light and enter a Nether Portal We Need to Go Deeper
85%
Follow an Eye of Ender Eye Spy
77%
Successfully defend a village from a raid Hero of the Village
77%
Fill a Bucket with lava Hot Stuff
77%
Upgrade your Pickaxe Isn't It Iron Pick
77%
Deflect a projectile with a Shield Not Today, Thank You
77%
Mine Stone with your new Pickaxe Stone Age
77%
Sleep in a Bed to change your respawn point Sweet Dreams
77%
Respawn the Ender Dragon The End... Again...
77%
Smelt an Iron Ingot Acquire Hardware
69%
Bring a Beacon to full power Beaconator
69%
Destroy a Ghast with a fireball Return to Sender
69%
Protect yourself with a piece of iron armor Suit Up
69%
Hold the Dragon Egg The Next Generation
69%
Loot a Chest in a Bastion Remnant War Pigs
69%
Break you way into a Nether Fortress A Terrible Fortress
62%
Get a full suit of Netherite armor Cover Me in Debris
62%
Diamond armor saves lives Cover Me with Diamonds
62%
Good luck Free the End
62%
Explore all Nether biomes Hot Tourist Destinations
62%
Relieve a Blaze of its rod Into Fire
62%
Kill a mob near a Sculk Catalyst It Spreads
62%
The Heart and story of the game Minecraft
62%
Kill a Skeleton from at least 50 meters away Sniper Duel
62%
Obtain a Wither Skeleton's skull Spooky Scary Skeleton
62%
Use the Nether to travel 7 km in the Overworld Subspace Bubble
62%
Shoot something with an Arrow Take Aim
62%
Rescue a Ghast from the Nether, bring it safely home to the Overworld... and then kill it Uneasy Alliance
62%
Scrape Wax off of a Copper block! Wax Off
62%
Apply Honeycomb to a Copper block! Wax On
62%
Obtain Crying Obsidian Who is Cutting Onions?
62%
Weaken and then cure a Zombie Villager Zombie Doctor
62%
Discover every biome Adventuring Time
54%
Have every potion effect applied at the same time A Furious Cocktail
54%
Construct and place a Beacon Bring Home the Beacon
54%
Levitate up 50 blocks from the attacks of a Shulker Great View From Up Here
54%
Obtain Ancient Debris Hidden in the Depths
54%
Look at a Ghast through a Spyglass Is It a Balloon?
54%
Look at a Parrot through a Spyglass Is It a Bird?
54%
Look at the Ender Dragon through a Spyglass Is It a Plane?
54%
Brew a Potion Local Brewery
54%
Shoot a Crossbow Ol' Betsy
54%
Use a Totem of Undying to cheat death Postmortal
54%
Sneak near a Sculk Sensor or Warden to prevent it from detecting you Sneak 100
54%
Trade with a Villager at the build height limit Star Trader
54%
Enter a Bastion Remnant Those Were the Days
54%
Summon the Wither Withering Heights
54%
Eat everything that is edible, even if it's not good for you A Balanced Diet
46%
Adventure, exploration and combat Adventure
46%
Plant a seed and watch it grow A Seedy Place
46%
Hit the bullseye of a Target block from at least 30 meters away Bullseye
46%
Free fall from the top of the world (build limit) to the bottom of the world and survive Caves & Cliffs
46%
Use a Compass on a Lodestone Country Lode, Take Me Home
46%
Summon an Iron Golem to help defend a village Hired Help
46%
Bring summer clothes Nether
46%
Charge a Respawn Anchor to the maximum Not Quite "Nine" Lives
46%
Escape the island Remote Getaway
46%
Find Elytra Sky's the Limit
46%
Apply these smithing templates at least once: Spire, Snout, Rib, Ward, Silence, Vex, Tide, Wayfinder Smithing with Style
46%
Go on in, what could happen? The City at the End of the Game
46%
Kill two Phantoms with a piercing Arrow Two Birds, One Arrow
46%
Successfully trade with a Villager What a Deal!
46%
Collect Dragon's Breath in a Glass Bottle You Need a Mint
46%
Kill five unique mobs with one crossbow shot Arbalistic
38%
Throw a Trident at something. Note: Throwing away your only weapon is not a good idea. A Throwaway Joke
38%
Tame an animal Best Friends Forever
38%
Take a Strider for a loooong ride on a lava lake in the Overworld Feels Like Home
38%
Use a Netherite Ingot to upgrade a Hoe, and then reevaluate your life choices Serious Dedication
38%
Jump into a Honey Block to break your fall Sticky Situation
38%
Catch a Fish... without a Fishing Rod! Tactical Fishing
38%
Ride a Strider with a Warped Fungus on a Stick This Boat Has Legs
38%
Give a Pillager a taste of their own medicine Who's the Pillager Now?
38%
Tame all Cat variants! A Complete Catalogue
31%
Be near a Crafter when it crafts a Crafter Crafters Crafting Crafters
31%
Craft a trimmed armor at a Smithing Table Crafting a New Look
31%
Make the text of any kind of sign glow Glow and Behold!
31%
Step foot in a Trial Chamber Minecraft: Trial(s) Edition
31%
Kill one of every hostile monster Monsters Hunted
31%
Protect a Villager from an undesired shock without starting a fire Surge Protector
31%
Catch an Axolotl in a Bucket The Cutest Predator
31%
Breed two animals together The Parrots and the Bats
31%
Move a Bee Nest, with 3 Bees inside, using Silk Touch Total Beelocation
31%
Strike a Villagr with lightning Very Very Frightening
31%
Kill a raid captain. Maybe consider staying away from villages for the time being... Voluntary Exile
31%
Get in a Boat and float with a Goat Whatever Floats Your Goat!
31%
Have an Allay drop a Cake at a Note Block Birthday Song
23%
Catch a Tadpole in a Bucket Bukkit Bukkit
23%
Catch a fish Fishy Business
23%
Punch a tree until a block of wood pops out Getting Wood
23%
Place a Creaking Heart with the correct alignment between two Pale Oak Log blocks Heart Transplanter
23%
The world is full of friends and food Husbandry
23%
Stop starvation using Rotten Flesh Iron Belly
23%
Walk on Powder Snow... without sinking in it Light as a Rabbit
23%
Feed a Snifflet Little Sniffs
23%
Hit five mobs in the same Charge attack using the Spear Mob Kabob
23%
Deal nine hearts of damage in a single hit Overkill
23%
Deal 50 hearts of damage in a single hit using the Mace Over-Overkill
23%
Brush a Suspicious block to obtain a Pottery Sherd Respecting the Remnants
23%
Use an Ominous Trial Key on an Ominous Vault Revaulting
23%
Obtain a Sniffer Egg Smells Interesting
23%
Make the Meadows come alive with the sound of music from a Jukebox Sound of Music
23%
Spawn the Wither The Beginning?
23%
Kill the Wither The Beginning.
23%
Read the power signal of a Chiseled Bookshelf using a Comparator The Power of Books
23%
Use Planks and sticks to make a pickaxe Time to Mine!
23%
Breed all the animals! Two by Two
23%
Find a shipwreck Ahoy!
15%
Kill a creeper with arrows Archer
15%
Use a Campfire to collect Honey from a Beehive using a Glass Bottle without aggravating the Bees Bee Our Guest
15%
Kill a mob while wearing the same type of mob head Camouflage
15%
Make a Decorated Pot out of 4 Pottery Sherds Careful Restoration
15%
Mine 1728 Cobblestone and place it in a chest Chestful of Cobblestone
15%
Wear a full suit of Iron Armor Iron Man
15%
Get Armadillo Scutes from an Armadillo using a Brush Isn't It Scute?
15%
Kill a Pillager Captain I've got a bad feeling about this
15%
Construct one type of each tool MOAR Tools
15%
Eat an Enchanted Golden Apple Overpowered
15%
Plant any Sniffer seed Planting the Past
15%
Cook and eat a pork chop Pork Chop
15%
Smelt wood trunks using charcoal to make more charcoal Renewable Energy
15%
Connect 3 Chests to a single Furnace using 3 Hoppers Smelt Everything!
15%
Place a Dried Ghast block into water Stay Hydrated!
15%
Open your inventory Taking Inventory
15%
Poison a witch with a splash potion Taste of Your Own Medicine
15%
Team up with an axolotl and win a fight The Healing Power of Friendship!
15%
Bake a cake using: wheat, sugar, milk, and eggs The Lie
15%
Make a Hoe Time to Farm!
15%
Use planks and sticks to make a sword Time to Strike!
15%
Get each Frog variant on a Lead When the Squad Hops into Town
15%
Use a Wind Charge to launch yourself upwards 8 blocks Who Needs Rockets?
15%
Have all Froglights in your inventory With Our Powers Combined!
15%
Have an Allay deliver items to you You've Got a Friend in Me
15%
Power a furnace with a kelp block Alternative Fuel
8%
Breed a mule from a horse and a donkey Artificial Selection
8%
Find an underwater ruin Atlantis?
8%
All trophies have been awarded Awarded all trophies
8%
Turn wheat into bread Bake Bread
8%
Teleport over 100 meters from a single throw of an Ender Pearl Beam Me Up
8%
Craft a workbench with four blocks of wooden planks Benchmaking
8%
Kill a Breeze with a deflected Breeze-shot Wind Charge Blowback
8%
Create an Iron Golem Body Guard
8%
Trade for the best possible price Buy Low, Sell High
8%
Eat nothing but dried kelp for three in-game days Castaway
8%
Dye your bed a different color Change of Sheets
8%
Use the Totem of Undying to cheat death Cheating Death
8%
Harvest some leather Cow Tipper
8%
Catch and cook a fish! Delicious Fish
8%
Throw diamonds at another player Diamonds to you!
8%
Use a Grindstone to get experience from an enchanted item Disenchanted
8%
Construct a Dispenser Dispense With This
8%
Use Riptide to give yourself a boost Do a Barrel Roll!
8%
Dry a sponge in a furnace Dry Spell
8%
Feed a dolphin fish to have it lead you to treasure Echolocation
8%
Defeat an Evoker Feeling Ill
8%
Stay underwater for 2 minutes Free Diver
8%
Use a Hopper to move an item from a Chest Minecart to a Chest Freight Station
8%
Make a banner using an Enchanted Apple Stencil Fruit on the Loom
8%
Repair a damaged Wolf Armor using Armadillo Scutes Good as New
8%
Use Shears to obtain wool from a sheep Have a Shearful Day
8%
Construct a furnace out of eight cobblestone blocks Hot Topic
8%
Collect a fish in a bucket I am a Marine Biologist
8%
Push a pistion with a piston, then pull the original piston with that piston Inception
8%
Construct a Nether Portal Into The Nether
8%
Craft and place an Oak Sign It's a Sign!
8%
Defeat a Ravager Kill the Beast!
8%
Befriend five wolves Leader of the Pack
8%
Using the Frost Walker boots, walk on at least 1 block on frozen water on a deep ocean Let It Go!
8%
Build some bookshelves to improve your enchanting table Librarian
8%
Scrape a Copper Bulb with an Axe to make it brighter Lighten Up
8%
Gain the trust of an Ocelot Lion Hunter
8%
Place 9 fully explored, adjacent map items into 9 item frames in a 3 by 3 square Map Room
8%
Trade for 1000 emeralds Master Trader
8%
Dig up a buried treasure Me Gold!
8%
Activate a Conduit Moskstraumen
8%
Play a music disc in a Jukebox Music to my Ears
8%
Travel by minecart to a point at least 500m in a single direction from where you started On A Rail
8%
Place four Sea Pickles in a group One Pickle, Two Pickle, Sea Pickle, Four
8%
Name a Shulker Box with an Anvil Organizational Wizard
8%
Play for 100 days Passing the Time
8%
Befriend twenty stray cats Plethora of Cats
8%
Craft and place a Flower Pot Pot Planter
8%
Cook and Eat Rabbit Meat Rabbit Season
8%
Gather all 16 colors of wool Rainbow Collection
8%
Breed two cows with wheat Repopulation
8%
Tame a horse Saddle Up
8%
Visit all ocean biomes Sail the 7 Seas
8%
Remove Wolf Armor from a Wolf using Shears Shear Brilliance
8%
Spend a day underwater Sleep with the Fishes
8%
Lead a Caravan containing at least 5 Llamas So I Got That Going for Me
8%
Ring the bell in a village after a villager has been hurt Sound the Alarm!
8%
Swim in lava while having the Fire Resistance effect Stayin' Frosty
8%
Power a Furnace with Lava Super Fuel
8%
Use Elytra to fly through a 1 by 1 gap while moving faster than 40 m/s Super Sonic
8%
Defeat an Elder Guardian The Deep End
8%
Acquire or spend 30 Emeralds by trading with villagers or with wandering trader The Haggler
8%
Tame one of each Wolf variant The Whole Pack
8%
Use a cauldron to dye all 4 unique pieces of leather armor Tie Dye Outfit
8%
Give someone a suspicious stew Time for Stew
8%
Place scaffolding to the world limit Top of the World
8%
Bounce 30 blocks upward off a slime block Trampoline
8%
Acquire a map from a cartographer villager, then enter the revealed structure Treasure Hunter
8%
Use a Trial Key on a Vault Under Lock and Key
8%
Trigger a Pillager Raid We're being attacked!
8%
Use a saddle to ride a pig, and then have the pig get hurt from fall damage while riding it When Pigs Fly
8%
Recieve a gift from a tamed cat in the morning Where have you been?
8%
Breed two pandas with bamboo Zoologist
8%
No matching quizzes found
Score Distribution
Percent of People with Each Score
Percentile by Number Answered
Your Score History
You have not taken this quiz since the last reset